Nivel de efectividad de la aplicación del currículo en el desarrollo de competencias fundamentales y específicas, regional 08 Santiago, distrito 03, periodo 2023-2024 / (Record no. 13456)
[ view plain ]
| 000 -LEADER | |
|---|---|
| campo de control de longitud fija | 01944nmm a22003614i 4500 |
| 001 - NÚMERO DE CONTROL | |
| campo de control | 35187 |
| 003 - IDENTIFICADOR DE NÚMERO DE CONTROL | |
| campo de control | DO-SdISF |
| 005 - FECHA Y HORA DE LA ÚLTIMA TRANSACCIÓN | |
| campo de control | 20250701154626.0 |
| 007 - CAMPO FIJO DE DESCRIPCIÓN FÍSICA--INFORMACIÓN GENERAL | |
| campo de control de longitud fija | ta |
| 008 - DATOS DE LONGITUD FIJA--INFORMACIÓN GENERAL | |
| campo de control de longitud fija | 240529s2024 dr ||||fo||d| 00| 0 spa d |
| 040 ## - FUENTE DE CATALOGACIÓN | |
| Centro catalogador/agencia de origen | DO-CGIP0049 |
| Lengua de catalogación | spa |
| Normas de descripción | rda |
| Centro/agencia transcriptor | DO-CGIP0049 |
| 100 1# - ENTRADA PRINCIPAL--NOMBRE DE PERSONA | |
| Nombre de persona | Luzón Sala, Henry |
| Término indicativo de función/relación | autor |
| 9 (RLIN) | 34133 |
| 245 10 - MENCIÓN DEL TÍTULO | |
| Título | Nivel de efectividad de la aplicación del currículo en el desarrollo de competencias fundamentales y específicas, regional 08 Santiago, distrito 03, periodo 2023-2024 / |
| Mención de responsabilidad, etc. | sustentada por: Henry Luzón Sala ; asesor: José Luis Rosario Rodríguez |
| 264 #1 - PRODUCCIÓN, PUBLICACIÓN, DISTRIBUCIÓN, FABRICACIÓN Y COPYRIGHT | |
| Producción, publicación, distribución, fabricación y copyright | Santiago de los Caballeros : |
| Nombre del de productor, editor, distribuidor, fabricante | ISFODOSU, |
| Fecha de producción, publicación, distribución, fabricación o copyright | 2024 |
| 300 ## - DESCRIPCIÓN FÍSICA | |
| Extensión | 1 recurso en línea (161 páginas) : |
| Otras características físicas | ilustraciones |
| 336 ## - TIPO DE CONTENIDO | |
| Fuente | rdacontent |
| Término de tipo de contenido | texto |
| Código de tipo de contenido | txt |
| 337 ## - TIPO DE MEDIO | |
| Nombre/término del tipo de medio | Computadora |
| Código del tipo de medio | c |
| Fuente | rdamedia |
| 338 ## - TIPO DE SOPORTE | |
| Nombre/término del tipo de soporte | recurso en línea |
| Código del tipo de soporte | cr |
| Fuente | rdacarrier |
| 347 ## - CARACTERÍSTICAS DEL ARCHIVO DIGITAL | |
| Fuente | rda |
| Tipo de archivo | archivo de texto |
| Formato de codificación | |
| 502 ## - NOTA DE TESIS | |
| Nota de tesis | Tesis para optar por el título de Maestría en Educación Física Integral - Instituto Superior de Formación Docente Salomé Ureña - ISFODOSU, Recinto LNNM, 2024. |
| 504 ## - NOTA DE BIBLIOGRAFÍA, ETC. | |
| Nota de bibliografía, etc. Nota | Referencias bibliográficas en página 101. |
| 505 2# - NOTA DE CONTENIDO CON FORMATO | |
| Nota de contenido con formato | Introducción al problema de investigación -- Revisión de literatura -- Metodología -- Presentación de los resultados -- Discusión de los resultados -- Anexos. |
| 610 24 - PUNTO DE ACCESO ADICIONAL DE MATERIA--NOMBRE DE ENTIDAD CORPORATIVA | |
| Nombre de entidad corporativa o nombre de jurisdicción como elemento de entrada | Instituto Superior de Formación Docente Salomé Ureña |
| Subdivisión de forma | Tesis |
| Fuente del encabezamiento o término | armarc |
| 9 (RLIN) | 20677 |
| 650 14 - PUNTO DE ACCESO ADICIONAL DE MATERIA--TÉRMINO DE MATERIA | |
| Término de materia o nombre geográfico como elemento de entrada | Educación física |
| Fuente del encabezamiento o término | armarc |
| Subdivisión general | Enseñanza |
| 9 (RLIN) | 3852 |
| 650 17 - PUNTO DE ACCESO ADICIONAL DE MATERIA--TÉRMINO DE MATERIA | |
| Término de materia o nombre geográfico como elemento de entrada | Educación secundaria |
| Fuente del encabezamiento o término | armarc |
| Subdivisión geográfica | República Dominicana |
| 9 (RLIN) | 3888 |
| 650 14 - PUNTO DE ACCESO ADICIONAL DE MATERIA--TÉRMINO DE MATERIA | |
| Término de materia o nombre geográfico como elemento de entrada | Evaluación curricular |
| 9 (RLIN) | 4553 |
| 650 17 - PUNTO DE ACCESO ADICIONAL DE MATERIA--TÉRMINO DE MATERIA | |
| Término de materia o nombre geográfico como elemento de entrada | Educación |
| Subdivisión general | Currículo |
| 9 (RLIN) | 20335 |
| 650 10 - PUNTO DE ACCESO ADICIONAL DE MATERIA--TÉRMINO DE MATERIA | |
| Término de materia o nombre geográfico como elemento de entrada | Habilidades para la vida |
| Subdivisión general | Enseñanza |
| Fuente del encabezamiento o término | armarc |
| 9 (RLIN) | 29702 |
| 650 14 - PUNTO DE ACCESO ADICIONAL DE MATERIA--TÉRMINO DE MATERIA | |
| Término de materia o nombre geográfico como elemento de entrada | Aptitudes |
| 9 (RLIN) | 1292 |
| 700 1# - ENTRADA AGREGADA--NOMBRE PERSONAL | |
| Nombre de persona | Rosario Rodríguez, José Luis |
| 9 (RLIN) | 31088 |
| Término indicativo de función/relación | asesor |
| 856 ## - LOCALIZACIÓN Y ACCESO ELECTRÓNICOS | |
| Texto de enlace | Clic para ver Texto Completo |
| Identificador Uniforme de Recurso | <a href="https://biblioteca.isfodosu.edu.do/cgi-bin/koha/opac-retrieve-file.pl?id=d9b53a3832c215027f6e6e19d9e8c87c">https://biblioteca.isfodosu.edu.do/cgi-bin/koha/opac-retrieve-file.pl?id=d9b53a3832c215027f6e6e19d9e8c87c</a> |
| 942 ## - ELEMENTOS DE ENTRADA SECUNDARIOS (KOHA) | |
| Fuente de la clasificación o esquema de estantería | |
| Tipo de ítem Koha | |
| Estatus retirado | Estado de pérdida | Fuente de la clasificación o esquema de estantería | Estado de daño | No para préstamo | Biblioteca de origen | Biblioteca actual | Fecha de adquisición | Total de préstamos | Visto por última vez | Precio de reemplazo | Tipo de ítem Koha |
|---|---|---|---|---|---|---|---|---|---|---|---|
| Clasificación Decimal Dewey | Repositorio INERED | Repositorio INERED | 01/07/2025 | 01/07/2025 | 01/07/2025 | Tesis digital |